| 000 | 01050cam a22003253a 4500 | ||
|---|---|---|---|
| 001 | 8118 | ||
| 003 | PGUSA | ||
| 005 | 20140828083152.0 | ||
| 008 | 050501s2005||||xxu|||||s|||||000 1 eng d | ||
| 040 |
_aPGUSA _beng |
||
| 042 | _adc | ||
| 050 | 4 | _aPS | |
| 100 | 1 |
_aMelville, Herman, _d1819-1891 |
|
| 245 | 1 | 0 |
_aRedburn. His First Voyage : _bBeing the Sailor Boy Confessions and Reminiscences of the Son-Of-A-Gentleman in the Merchant Navy _h[electronic resource] / _cHerman Melville |
| 260 |
_bProject Gutenberg, _c2005 |
||
| 506 | _aPublic domain in the USA. | ||
| 516 | _aElectronic text | ||
| 653 | _aSailors -- Fiction | ||
| 653 | _aBildungsromans | ||
| 653 | _aLiverpool (England) -- Fiction | ||
| 653 | _aAutobiographical fiction | ||
| 653 | _aSeafaring life -- Fiction | ||
| 653 | _aYoung men -- Fiction | ||
| 653 | _aSea stories | ||
| 653 | _aAmericans -- England -- Fiction | ||
| 653 | _aMerchant mariners -- Fiction | ||
| 830 | 0 |
_aProject Gutenberg _v8118 |
|
| 856 | 4 | 0 | _uhttp://www.gutenberg.org/ebooks/8118 |
| 942 | _cEB | ||
| 999 |
_c237418 _d237418 |
||